Представление документа в формате RUSMARC

ПолеНазваниеЗначение
  Тип записи a
  Библиографический уровень m
001 Контрольный номер RU/IS/BASE/320325604
005 Дата корректировки 20201206204716.5
010 Индекс ISBN __
d Цена 200-00
101 Язык документа 0_
a Язык текста rus
c Язык оригинала rus
200 Заглавие и сведения об ответственности 1_
a Заглавие Хрустальный голубь
f Первые сведения об ответственности Серафима Власова ; [худож. А. Р. Туманов]
b Общее обозначение материала Текст
210 Выходные данные __
a Место издания Челябинск
c Издательство Юж.-Урал. кн. изд-во
d Дата издания 1972
215 Физическое описание __
a Объем 61, [2] с.
c Иллюстрации/тип воспроизводства ил.
300 Общие примечания __
a Общие примечания Ред. кн.
a Общие примечания Миниатюр. изд.
606 Тематические рубрики __
a Основная рубрика Художественная литература
606 Тематические рубрики __
a Основная рубрика Русская литература XX в. (произведения)
y Географическая подрубрика Кыштым
610 Ключевые слова __
a Ключевые слова тема Урала; тема народа; тема истории; тема труда; сказы; легенды
686 Индексы других классификаций __
a Классификационный индекс 84(2Рос=Рус)6-4
700 Автор _1
a Фамилия Власова
b Имя С. К.
g Полное личное имя Серафима Константиновна
4 Код отношения 070
702 Вторичная интеллектуальная ответственность _1
a Фамилия Туманов
b Имя А. Р.
4 Код отношения Художник
801 Источник записи _0
a Страна RU
b Организация Муниципальное бюджетное учреждение культуры "Централизованная библиотечная система" г. Сургут (Центральная городская библиотека им. А. С. Пушкина)
g Правила каталогизации КиК/Поспелова
801 Источник записи _1
a Страна RU
b Организация Муниципальное бюджетное учреждение культуры "Централизованная библиотечная система" г. Сургут (Центральная городская библиотека им. А. С. Пушкина)
g Правила каталогизации КиК/Поспелова
852 Данные о местонахождении __
j Шифр хранения 84(2Рос=Рус)6-4
c Каталожный индекс 84(2Рос=Рус)6-4
i Авторский знак В 58
901 Тип документа __
t Тип документа m
903 Характеристики (МАРС) __
a Дата передачи 20100305
990 Данные о заказе (DOS) __
j Количество экземпляров (DOS) 1
t N записи в КСУ для И/У (DOS) 201003